000 00376nam a2200133Ia 4500
008 231129s1956||||xx |||||||||||||| ||spa||
040 _bspa
082 _a920 G195
100 _aGandhi Mahatma
245 0 _aAutobiografia de Gandhi : La historia de mis experiencias con la verdad
260 _c1956
264 _aBogotá Colombia : Cí­rculo de Lectores
942 _2ddc
_cBKS
999 _c5901
_d5901